| 000 | 00434nam a2200157 a 4500 | ||
|---|---|---|---|
| 005 | 20140412111413.0 | ||
| 008 | 070216s19uu xx 00 eng d | ||
| 020 | _a971-8560-40-8 | ||
| 050 |
_aTR(PS E _bKi58 2004 |
||
| 245 | _aKing mida's touch. | ||
| 260 |
_aPhilippines : _bStraight lines international, _c2004. |
||
| 440 | _aPicture storybook | ||
| 650 | _aGreediness - fiction | ||
| 650 | _achildren stories | ||
| 999 |
_c105737 _d105737 |
||